00824nam a22002537a 450000500170000001000310001702000260004803500130007403500170008703500130010403700320011703700130014908200130016210000180017524500470019325000120024026000710025227000490032330000580037250000190043065000590044965000330050865000290054120180308100529.0 aBAC-EN21 ENG-111899 a9789325977495c225.00 aEN-95431 aB-588676-698 aB-665102 bPrakashan Sansthan/Venadpl bDBAD/PUB a954.9205 aSalunke, S.P. aPakistani POWs in India /cby S.P. Salunke arev. ed aNew DelhibWide Canvas an imprint of Vikas Publishing House c2014 aE-28, Sector-8, NoidabUttar Pradeshe201301 axiii,178p. [5] leaves of platesc22cm(pbk)bill.,maps aIncludes index a India-Pakistan Conflict, 1971xPrisoners and prisons. a Prisoners of warzPakistan. aPrisoners of warzIndia.